LEADER 01113nam--2200385---450- 001 990002821510203316 005 20061003122140.0 010 $a88-7972-254-9 035 $a000282151 035 $aUSA01000282151 035 $a(ALEPH)000282151USA01 035 $a000282151 100 $a20061003d1997----km-y0itay50------ba 101 $aita 102 $aIT 105 $a||||||||001yy 200 1 $a<> destra rivoluzionaria$fZeev Sternhell$gtraduzione di Debora Spini 210 $aMilano$cCorbaccio$d1997 215 $aXII, 497 p.$d21 cm 225 2 $aCollana storica 300 $a[Titolo originale] La droite revolutionnaire, 1855-1914. 410 0$12001$aCollana storica 454 1$12001 461 1$1001-------$12001 606 0 $aFascismo$yFrancia 676 $a320.5330944 700 1$aSTERNHELL,$bZeev$0134287 801 0$aIT$bsalbc$gISBD 912 $a990002821510203316 951 $a320.5330944 STE$b3673 DITESI (Armadio 3 I 433) 959 $aBK 969 $aDITESI 979 $aDITESI$b10$c20061003$lUSA01$h1221 996 $aDestra rivoluzionaria$9564674 997 $aUNISA LEADER 01016nam--2200361---450- 001 990006058910203316 005 20150928141115.0 035 $a000605891 035 $aUSA01000605891 035 $a(ALEPH)000605891USA01 035 $a000605891 100 $a20150714d1983----km-y0itay50------ba 101 $aita 102 $aIT 105 $a||||||||001yy 200 1 $aGermani e Carolingi$fPaolo Delogu 210 $aTorino$cUTET$d1983 215 $a54 p.$d24 cm 300 $aGià pubblicato in: Storia delle idee politiche, economiche e sociali 410 0$12001 454 1$12001 606 0 $aPopoli germanici$zSec. 3.-9.$2BNCF 676 $a940.043 700 1$aDELOGU,$bPaolo$0173756 801 0$aIT$bsalbc$gISBD 912 $a990006058910203316 951 $aFC.OE. 726$b842 FCil$cFC.OE.$d377951 959 $aBK 969 $aFCIL 979 $aGENEROSO$b90$c20150714$lUSA01$h1403 979 $aGENEROSO$b90$c20150928$lUSA01$h1411 996 $aGermani e Carolingi$91102438 997 $aUNISA